| Tag |
First Indicator |
Second Indicator |
Subfields |
| LEADER |
00000cam a2200000 a 4500 |
| 001 |
in00001497713 |
| 005 |
20151021085339.0 |
| 008 |
990330s1999 iaua b s001 0 eng |
| 010 |
|
|
|a 99028326
|
| 020 |
|
|
|a 081382608X
|
| 035 |
|
|
|a (OCoLC)41096362
|
| 035 |
|
|
|9 AJJ8857AM
|
| 040 |
|
|
|a DLC
|c DLC
|d TXA
|d UtOrBLW
|
| 043 |
|
|
|a n-us---
|
| 049 |
|
|
|a TXAM
|
| 050 |
0 |
0 |
|a KF1681.A315
|b A1673 1999
|
| 082 |
0 |
0 |
|a 343.73/076/0262
|2 21
|
| 100 |
1 |
|
|a Schertz, Lyle P.
|
| 245 |
1 |
4 |
|a The making of the 1996 Farm Act /
|c Lyle P. Schertz, Otto C. Doering III.
|
| 250 |
|
|
|a 1st ed.
|
| 264 |
|
1 |
|a Ames :
|b Iowa State University Press,
|c [1999]
|
| 264 |
|
4 |
|c ©1999
|
| 300 |
|
|
|a xv, 190 pages :
|b illustrations ;
|c 24 cm.
|
| 336 |
|
|
|a text
|b txt
|2 rdacontent
|
| 337 |
|
|
|a unmediated
|b n
|2 rdamedia
|
| 338 |
|
|
|a volume
|b nc
|2 rdacarrier
|
| 505 |
0 |
|
|a Five early developments: April 1994 to April 1995 -- Getting serious about commodity legislation, May-August 1995 -- Searching for consensus in the Senate -- The administration's restrained entry -- The state of play as Congress recessed in August 1995 -- Counting votes in the fall of 1995 -- A wait and see season -- Farm bill preliminaries nonetheless -- Negotiations in the Senate -- House approval of freedom to farm -- At last, a farm commodity act -- A future for farm commodity legislation -- A primer on U.S. agricultural policy before 1996.
|
| 504 |
|
|
|a Includes bibliographical references (pages 173-176) and index.
|
| 610 |
1 |
0 |
|a United States.
|t 1996 Farm Act
|v Legislative history.
|
| 650 |
|
0 |
|a Agricultural laws and legislation
|z United States
|v Legislative history.
|
| 700 |
1 |
|
|a Doering, Otto C.
|q (Otto Charles),
|d 1940-
|
| 948 |
|
|
|a c:dm
|
| 999 |
|
|
|a MARS
|
| 999 |
f |
f |
|s 80d6aa10-7719-3ed0-ad91-a9cfbf1738a6
|i 4162192c-0c94-3013-87a7-f5792273a23f
|t 0
|
| 952 |
f |
f |
|p ric
|a Texas A&M University
|b Rellis Campus
|c Joint Library Facility
|d Remote Storage
|t 0
|e KF1681.A315 A1673 1999
|h Library of Congress classification
|i unmediated -- volume
|m A14825198118
|
| 998 |
f |
f |
|a KF1681.A315 A1673 1999
|t 0
|l Remote Storage
|